Resumen del estado que ha tenido el Instituto Provincial de 2ª Enseñanza de Burgos durante el año académico de 1875 á 1876.... / (Record no. 38787)

MARC details
000 -LEADER
campo de control de longitud fija 00691nam a2200169 i 4500
001 - NÚMERO DE CONTROL
campo de control 38787
003 - IDENTIFICADOR DE NÚMERO DE CONTROL
campo de control ES-MaACL
005 - FECHA Y HORA DE LA ÚLTIMA TRANSACCIÓN
campo de control 20230906155823.0
007 - CAMPO FIJO DE DESCRIPCIÓN FÍSICA--INFORMACIÓN GENERAL
campo de control de longitud fija t|
008 - DATOS DE LONGITUD FIJA--INFORMACIÓN GENERAL
campo de control de longitud fija 030226s1876 sp ||||1| spa d
100 1# - ENTRADA PRINCIPAL--NOMBRE DE PERSONA
Nombre de persona Camarero y García, Eusebio.
9 (RLIN) 34007
245 10 - MENCIÓN DEL TÍTULO
Título Resumen del estado que ha tenido el Instituto Provincial de 2ª Enseñanza de Burgos durante el año académico de 1875 á 1876.... /
Mención de responsabilidad, etc. leido el día 1 de octubre de 1876 por Eusebio Camarero y García.
260 ## - PUBLICACIÓN, DISTRIBUCIÓN, ETC.
Lugar de publicación, distribución, etc. Burgos :
Nombre del editor, distribuidor, etc. [s.n.],
Fecha de publicación, distribución, etc. 1876 (
Fabricante Imp. de Timoteo Arnaiz)
300 ## - DESCRIPCIÓN FÍSICA
Extensión 63 p. ;
Dimensiones 25 cm.
610 24 - PUNTO DE ACCESO ADICIONAL DE MATERIA--NOMBRE DE ENTIDAD CORPORATIVA
Nombre de entidad corporativa o nombre de jurisdicción como elemento de entrada Instituto Provincial de Segunda Enseñanza de Burgos-
Subdivisión de forma Memorias.
9 (RLIN) 144972
852 ## - LOCALIZACIÓN
Ubicación ES-MaACL
Número de control de estantería T-204-F-24
Holdings
Estatus retirado Estado de pérdida Estado de daño No para préstamo Colección Biblioteca de origen Biblioteca actual Ubicación en estantería Fecha de adquisición Fuente de adquisición Total de préstamos Signatura topográfica completa Código de barras Visto por última vez Precio de reemplazo Tipo de ítem Koha
        Colección de folletos Biblioteca del Ateneo de Madrid Biblioteca del Ateneo de Madrid Depósito folletos 17/01/2008     T-204-F-24 1040843 23/02/2023 23/02/2023 Folleto